| 000 | 00376nam a22001577a 4500 | ||
|---|---|---|---|
| 003 | LK-CoDNM | ||
| 005 | 20240820124323.0 | ||
| 008 | 240820b |||||||| |||| 00| 0 eng d | ||
| 040 |
_aLK-CoDNM _dLK-CoDNM _eLK-CoDNM |
||
| 080 |
_a7 _bC15 |
||
| 100 | _aDUER THOMAS | ||
| 245 | _aPOPULAR POETRY | ||
| 260 |
_aLONDON _bJOHN MARTIN _c1814 |
||
| 300 | _a156P. 19 CM | ||
| 942 | _cBK | ||
| 999 |
_c148413 _d148413 |
||